Online katalóg knižníc regiónu Turca

Výnosné miesto (Record no. 20969)

MARC details
000 -LEADER
fixed length control field 02214cam a2200589 a 4500
001 - CONTROL NUMBER
control field 20969
003 - CONTROL NUMBER IDENTIFIER
control field VRT
005 - DATE AND TIME OF LATEST TRANSACTION
control field 20260207124408.0
008 - FIXED-LENGTH DATA ELEMENTS--GENERAL INFORMATION
fixed length control field 230403s1952 xo 000 d slo c
015 ## - NATIONAL BIBLIOGRAPHY NUMBER
National bibliography number SNBA19451955-008652
035 ## - SYSTEM CONTROL NUMBER
System control number SK01SNKBKSFS20010081151
035 ## - SYSTEM CONTROL NUMBER
System control number urn:nbn:sk:snk-am3i665
035 ## - SYSTEM CONTROL NUMBER
System control number 3EA2DBE8-7684-43D4-A7C5-B4331DC5E49F
035 ## - SYSTEM CONTROL NUMBER
System control number urn:nbn:sk:snk-am00dlh2
035 ## - SYSTEM CONTROL NUMBER
System control number SKM000083614
039 #9 - LEVEL OF BIBLIOGRAPHIC CONTROL AND CODING DETAIL [OBSOLETE]
Level of rules in bibliographic description 202408071131
Level of effort used to assign nonsubject heading access points AUTHORITY
Level of effort used to assign subject headings 202408071124
Level of effort used to assign classification AUTHORITY
Level of effort used to assign subject headings 202304032055
Level of effort used to assign classification VLOAD
Level of effort used to assign subject headings 202212050956
Level of effort used to assign classification VLOAD
040 ## - CATALOGING SOURCE
Original cataloging agency SNK
Language of cataloging slo
Transcribing agency SNK
Description conventions AACR2
041 1# - LANGUAGE CODE
Language code of text/sound track or separate title slo
Language code of original rus
044 ## - COUNTRY OF PUBLISHING/PRODUCING ENTITY CODE
MARC country code xo
ISO country code SK
072 #7 - SUBJECT CATEGORY CODE
Subject category code 821.161.1
Subject category code subdivision Ruská literatúra
Source konspekt
072 #7 - SUBJECT CATEGORY CODE
Subject category code 821.161.1-2
Subject category code subdivision Ruská dráma
Source konspekt
080 ## - UNIVERSAL DECIMAL CLASSIFICATION NUMBER
Universal Decimal Classification number 821.161.1-2
Edition identifier 2011
080 ## - UNIVERSAL DECIMAL CLASSIFICATION NUMBER
Universal Decimal Classification number (0:82-2)
Edition identifier 2011
080 ## - UNIVERSAL DECIMAL CLASSIFICATION NUMBER
Universal Decimal Classification number (0:82-22)
Edition identifier 2011
100 1# - MAIN ENTRY--PERSONAL NAME
Personal name Ostrovskij, Aleksandr Nikolajevič,
Dates associated with a name 1823-1886
Relationship aut
240 10 - UNIFORM TITLE
Uniform title Dochodnoje mesto
Language of a work Slovensky
245 10 - TITLE STATEMENT
Title Výnosné miesto
Remainder of title komédia v piatich dejstvách
Statement of responsibility, etc. A.N. Ostrovskij ; [z ruského originálu ... preložil Karol Podolinský]
250 ## - EDITION STATEMENT
Edition statement 1. vyd.
260 ## - PUBLICATION, DISTRIBUTION, ETC.
Place of publication, distribution, etc. Martin
Name of publisher, distributor, etc. Matica slovenská
Date of publication, distribution, etc. 1952
300 ## - PHYSICAL DESCRIPTION
Extent 113, [2] s.
Dimensions 18 cm
366 ## - TRADE AVAILABILITY INFORMATION
Note 3300 kusov
490 1# - SERIES STATEMENT
Series statement Prekladová divadelná knižnica
Volume/sequential designation sv. 26
655 #7 - INDEX TERM--GENRE/FORM
Genre/form data or focus term ruské drámy
Source of term SNKPH
655 #7 - INDEX TERM--GENRE/FORM
Genre/form data or focus term divadelné hry
Source of term SNKPH
655 #7 - INDEX TERM--GENRE/FORM
Genre/form data or focus term divadelné komédie
Source of term SNKPH
655 #7 - INDEX TERM--GENRE/FORM
Genre/form data or focus term Russian drama
Source of term SNKPHeng
655 #7 - INDEX TERM--GENRE/FORM
Genre/form data or focus term Theatre plays
Source of term SNKPHeng
655 #7 - INDEX TERM--GENRE/FORM
Genre/form data or focus term Comedies
Source of term SNKPHeng
700 1# - ADDED ENTRY--PERSONAL NAME
Personal name Podolinský, Karol,
Dates associated with a name 1903-1998
Relationship trl
700 1# - ADDED ENTRY--PERSONAL NAME
Personal name Tvarožek, Eduard Vladimír,
Dates associated with a name 1920-1999
Relationship red
830 #0 - SERIES ADDED ENTRY--UNIFORM TITLE
Uniform title Prekladová divadelná knižnica
910 ## - USER-OPTION DATA (OCLC)
User-option data snk
942 ## - ADDED ENTRY ELEMENTS (KOHA)
Source of classification or shelving scheme Dewey Decimal Classification
Koha item type Krásna literatúra pre dospelých
Suppress in OPAC No
949 ## - LOCAL PROCESSING INFORMATION (OCLC)
6 270001000642365
a svkbbS 35312
b svkbbm 62756
949 ## - LOCAL PROCESSING INFORMATION (OCLC)
6 17A0662673
a snkSD 6934/26 D1
b snkD 1771/60
949 ## - LOCAL PROCESSING INFORMATION (OCLC)
6 17A0662672
a snkSD 6934/26 D2
b snkD 1421/62
949 ## - LOCAL PROCESSING INFORMATION (OCLC)
6 17A0662671
a snkSD 6934/26 D3
b snkF 4482/63
949 ## - LOCAL PROCESSING INFORMATION (OCLC)
6 2889358902
a savukA 18070
o K 191/53
949 ## - LOCAL PROCESSING INFORMATION (OCLC)
6 369701000015798
a aubbD 11623
b aubbD11623
p Darca: Maťašík, Andrej
949 ## - LOCAL PROCESSING INFORMATION (OCLC)
6 17A0911753
a snkSD 6934/26
b snk3851/52
o I. 415/52 - evidenčné číslo
s 6100:20190903
Holdings
Stav vyradenia Strata Poškodenie Spôsob nadobudnutia Domovská knižnica Aktuálna knižnica Dátum nadobudnutia Total checkouts Čiarový kód exemplára Date last seen Typ exemplára Verejná poznámka
      Dar Obecná knižnica Horná Štubňa Obecná knižnica Horná Štubňa 07.02.2026   4736201140 07.02.2026 Krásna literatúra pre dospelých divadelná hra
Projekt je podporený Slovenskou asociáciou knižníc
Prevádzkuje Turčianska knižnica Martin 2026